Umučenie Pána Ježiša vo videniach Anny Kataríny Emmerichovej

Bibliographic Details
Other Authors: Sarňáková, Jana (prekladateľka) (Translator)
Format: Book
Language:Slovak
Italian
PhysicalDescription:187 s. 21 cm
Published: Trnava Dobrá kniha 2004
ISBN:8071414514
Edition:[1. vyd.]
Series:Duchovná studnica
Subjects:

MARC

LEADER 00000nam a2200000 a 4500
001 vtls001560104
003 SK-MaSNL
005 20260301015651.0
008 251031s2004 xo f 00000bslo
015 |a SNBA2006/02-01105 
020 |a 8071414514  |q (viaz.) 
035 |a VTK41447 
040 |a SNK  |b slo  |c SNK  |e AACR2 
041 1 |a slo  |h ita 
044 |a xo  |c SK 
072 7 |a 929  |x Biografie  |2 konspekt 
072 7 |a 27  |x Kresťanstvo. Kresťanská cirkev všeobecne. Ekleziológia  |2 konspekt 
080 |a 27-312.8  |2 MDT-MRF 
080 |a 929  |2 MDT-MRF 
080 |a 27-532.2  |2 MDT-MRF 
080 |a 27-583  |2 MDT-MRF 
080 |a (0:82-4)  |2 MDT-MRF 
240 1 3 |a La passione del Signore nelle visioni di Anna Katharina Emmerich  |l Slovensky 
245 0 0 |a Umučenie Pána Ježiša  |b vo videniach Anny Kataríny Emmerichovej  |c [z talianskeho originálu] preložila Jana Sarňáková 
250 |a [1. vyd.] 
260 |a Trnava  |b Dobrá kniha  |c 2004 
300 |a 187 s.  |c 21 cm 
650 0 7 |a utrpenie Ježiša Krista  |2 SNKPH  |9 64563 
650 0 7 |a krížová cesta  |2 SNKPH  |9 30268 
650 0 7 |a kresťanské meditácie  |2 SNKPH  |9 305842 
655 7 |a úvahy  |2 SNKPH  |9 29403 
700 1 |a Sarňáková, Jana  |c (prekladateľka)  |4 trl  |9 64823 
830 0 |a Duchovná studnica  |9 293964 
919 |a 80-7141-451-4 
958 |a OND 
968 |b IT  |d 2 
999 |c 561221  |d 563151 
952 |a SNK  |b SNK  |y PREZ  |7 0  |p 17A0493926  |o snkSC 122114  |i snk2006/275  |8 0  |0 0  |1 0  |4 0  |d 2006-01-05  |l 0  |r 2025-06-02 00:00:00  |w 2026-02-23 
952 |a SNK  |b SNK  |y VYP  |7 0  |p 17A0493927  |o snkSC 122114 D1  |i snk2006/276  |8 0  |0 0  |1 0  |4 0  |d 2006-01-05  |l 0  |r 2026-02-23 13:42:03  |w 2026-02-23